Concepts of ecology

Αποθηκεύτηκε σε:
Λεπτομέρειες βιβλιογραφικής εγγραφής
Κύριος συγγραφέας: Kormondy, Edward J.
Μορφή: Βιβλίο
Γλώσσα:English
Δημοσίευση: Englewood Cliffs : Prentice - Hall, 1984
Έκδοση:3rd ed.
Θέματα:
Ετικέτες: Προσθήκη ετικέτας
Δεν υπάρχουν, Καταχωρήστε ετικέτα πρώτοι!

MARC

LEADER 00000nam a2200000 i 4500
001 1/72415
008 950406s1984 eng d
020 |a 0-13-166702-5 
035 |l 10002976 
040 |a GR-MY-UA  |b gre  |e aacr 
041 0 |a eng 
082 0 |a 574.5 
100 1 |a Kormondy, Edward J. 
245 1 0 |a Concepts of ecology /  |c Edward J. Kormondy 
250 |a 3rd ed. 
260 |a Englewood Cliffs :   |b Prentice - Hall,   |c 1984 
300 |a xviii, 298 σ.;  |b εικ.;  |c 24 εκ. 
504 |a Περιέχει βιβλιογραφικές παραπομπές και ευρετήριο 
650 0 0 |a Ecology. 
852 |a INST  |b LESVOS  |e 19950406  |h 574.5 KOR  |p 005100001768  |q 005100001768  |t BK  |y 0 
909 |a Λ  |b 02383